Statystyki dla Tytuły Piosenek z Nazwami Miast i Państw

Kliknij tutaj aby rozwiązać quiz!

Ogólne statystyki

  • Ten quiz został rozwiązany 233 razy
  • Średni wynik to 7 z 25

Statystyki odpowiedzi

Lp.WykonawcaTytuł% Poprawnych
3Czesław NiemenSen o {Warszawie}
98%
12KobranockaKocham cię jak {Irlandię}
78%
5T.Love{Warszawa}
69%
2Bruce SpringsteenBorn in the {US.A}
62%
13AlphavilleBig in {Japan}
49%
1Elvis PresleyViva {Las Vegas}
42%
18Edith PiafSous la Ciel de {Paris}
37%
4The Clash{London} Calling
35%
20Julie Covington/Madonna/Wielu innychDon't Cry for me {Argentina}
34%
16Murray HeadOne Night in {Bangkok}
34%
21Frank Sinatra{New York} {New York}
29%
8Sex PistolsAnarchy in {UK}
21%
15Marc CohnWalking in {Memphis}
21%
11Scott McKenzie{San Francisco} (Be Sure to Wear Flowers in Your Hair)
19%
7Blues Brothers/Wielu innych wykonawcówSweet Home {Chicago}
17%
9David Bowie{China} Girl
15%
19Dschinghis Khan{Moskau}
15%
10The Doors{L.A.} Woman
14%
25The Beach BoysSurfin' {USA}
13%
23Michael JacksonStranger in {Moscow}
9%
24Mike OldfieldTo {France}
8%
22The BeatlesBack in {USSR}
6%
14Dead KennedysHoliday in {Cambodia}
6%
17KISS{Detroit} City Rockers
5%
6Duran Duran{Rio}
5%

Rozkład punktacji

Percentyl według liczby udzielonych odpowiedzi

Procent ludzi z każdym wynikiem

Twoja historia wyników

Nie rozwiązałeś tego quizu